Statistics for New Orleans Pelicans 20 Points Per Game Players

Click here to take the quiz!

General Stats

  • This quiz has been taken 14 times
  • The average score is 5 of 8

Answer Stats

# Players Last % Correct
1Baron Davis2004
93%
6Anthony Davis2019
93%
2Chris Paul2009
86%
1Jrue Holiday2019
86%
1DeMarcus Cousins2018
57%
2David West2009
50%
1Jamal Mashburn2003
36%
1Julius Randle2019
29%

Score Distribution

Percentile by Number Answered

Percent of People with Each Score

Your Score History

You have not taken this quiz